| Tag |
First Indicator |
Second Indicator |
Subfields |
| LEADER |
00000cjm a2200000Ia 4500 |
| 001 |
in00002743021 |
| 005 |
20151202151908.0 |
| 007 |
sd fsngnn|||ee |
| 008 |
120305p20101957ko sunn n zxx d |
| 024 |
3 |
0 |
|a 8803581174809
|
| 028 |
0 |
2 |
|a S70475C
|b Sony Music
|
| 028 |
0 |
2 |
|a 88697720602
|b Sony Music
|
| 028 |
0 |
2 |
|a S70475C / 88697720602
|b Sony Music
|
| 035 |
|
|
|a (OCoLC)ocn779203249
|
| 035 |
|
|
|a (OCoLC)779203249
|
| 040 |
|
|
|a KKU
|c KKU
|d TXA
|d UtOrBLW
|
| 049 |
|
|
|a TXAM
|
| 090 |
|
|
|a M1
|b .L58 2010 Disc 33
|
| 100 |
1 |
|
|a Copland, Aaron,
|d 1900-1990.
|
| 245 |
1 |
0 |
|a Billy the Kid, suite :
|b Rodeo, suite /
|c Copland. Grand Canyon suite / Grofé.
|
| 264 |
|
1 |
|a [Korea] :
|b Sony Music :
|b RCA Red Seal,
|c [2010]
|
| 264 |
|
4 |
|c ℗2010
|
| 300 |
|
|
|a 1 sound disc :
|b digital, stereo. ;
|c 4 3/4 in.
|
| 306 |
|
|
|a 002010
|a 000409
|a 002110
|a 003220
|
| 336 |
|
|
|a performed music
|b prm
|2 rdacontent
|
| 337 |
|
|
|a audio
|b s
|2 rdamedia
|
| 338 |
|
|
|a audio disc
|b sd
|2 rdacarrier
|
| 490 |
0 |
|
|a Living stereo 60 CD collection ;
|v 33
|
| 508 |
|
|
|a Produced by John Pfeiffer and Joseph Habig.
|
| 511 |
0 |
|
|a Morton Gould Orchestra ; Morton Gould, conductor.
|
| 518 |
|
|
|a Recorded Oct. 1-2, 1957 (1st-2nd works), and Feb. 19, 1960 (3rd work) at Manhattan Center, New York City.
|
| 500 |
|
|
|a Previously released material.
|
| 500 |
|
|
|a Copyright of box set: p2010; on disc: p2006.
|
| 500 |
|
|
|a Compact disc (DSD).
|
| 500 |
|
|
|a Issued in a box containing the Living stereo 60 CD collection with a booklet of program notes in English (246 pages).
|
| 505 |
0 |
|
|a Billy the Kid. Suite (20:10) ; Billy the Kid. Waltz (4:09) ; Rodeo. Suite (21:10) / Aaron Copland -- Grand Canyon suite (32:20) / Ferde Grofé.
|
| 500 |
|
|
|a Sound recording.
|
| 650 |
|
0 |
|a Ballets
|v Excerpts.
|
| 650 |
|
0 |
|a Suites (Orchestra)
|
| 650 |
|
0 |
|a Orchestral music.
|
| 700 |
1 |
|
|a Gould, Morton,
|d 1913-1996,
|e conductor.
|
| 700 |
1 |
2 |
|a Copland, Aaron,
|d 1900-1990.
|t Rodeo.
|
| 700 |
1 |
2 |
|a Grofé, Ferde,
|d 1892-1972.
|t Grand Canyon suite.
|
| 710 |
2 |
|
|a Morton Gould Orchestra,
|e performer.
|
| 948 |
|
|
|a cataloged
|b h
|c 2012/3/21
|d c
|e jolivare
|f 5:19:53 pm
|
| 994 |
|
|
|a C0
|b TXA
|
| 999 |
|
|
|a MARS
|
| 999 |
f |
f |
|s a868cf07-1df8-3ad3-9573-c957c21c2c0a
|i 85ef2b2b-4cd5-3b06-b262-915f699e6c48
|t 0
|
| 952 |
f |
f |
|p ric
|a Texas A&M University
|b Rellis Campus
|c Joint Library Facility
|d Remote Storage
|t 0
|e M1 .L58 2010 Disc 33
|h Library of Congress classification
|i audio -- audio disc
|m A14841367793
|
| 998 |
f |
f |
|a M1 .L58 2010 Disc 33
|t 0
|l Remote Storage
|